000 00361nam a2200145Ia 4500
008 240624s9999 xx 000 0 und d
041 _aeng
082 _a658.45 KRI
100 _aKRIZAN BUDDY
245 _aBUSINESS COMMUNICATION
250 _a(7th ed.)
260 _c2008
_aNew Delhi
_bCengage Learning
300 _a436 : p. : cm. ; 24
365 _cRS
_b33.33
999 _c12457
_d12457